Distinguishing Similar Flags - Statistics

General Stats
  • This quiz has been taken 22 times
  • The average score is 29 of 30
Answer Stats
Question Tile Select % Correct
Taiwan No
100%
Syria No
100%
Moldova No
100%
Netherlands No
100%
Netherlands No
100%
Netherlands Yes
100%
Norway No
100%
Kuwait No
100%
Mali No
100%
Japan Yes
100%
Japan No
100%
Japan No
100%
Slovenia No
100%
Taiwan No
94%
Taiwan Yes
94%
Ghana Yes
94%
Ghana No
94%
Syria Yes
94%
Syria No
94%
Moldova Yes
94%
Moldova No
94%
Norway Yes
94%
Norway No
94%
Kuwait No
94%
Kuwait Yes
94%
Ghana No
89%
Mali Yes
89%
Mali No
89%
Slovenia No
89%
Slovenia Yes
89%
No matching quizzes found
Score Distribution
Percent of People with Each Score
Percentile by Number Answered
Your Score History
You have not taken this quiz